| 000 | 00388cam a2200169ua 4500 | ||
|---|---|---|---|
| 020 | _c2.00 | ||
| 041 |
_amal _h |
||
| 082 |
_a928.917 _bSUR/TO |
||
| 100 | _aSurendran, K . | ||
| 245 |
_aTolstoyiyude kadha / _cK.Surendran. _hTextual Documents |
||
| 260 |
_a : _bV.N.Rajamma , _c1956. |
||
| 300 | _a294 ; . | ||
| 365 | _a2.00 | ||
| 504 | _a | ||
| 942 | _cBK | ||
| 999 |
_c6641 _d6641 |
||